| 000 | 00570nam a2200193Ia 4500 | ||
|---|---|---|---|
| 008 | 220216s9999 xx 000 0 und d | ||
| 100 | _aSchwob I | ||
| 245 | 3 | _aAn Arbuscular mycorrhizal fungus(Glomus mosseae) induces a defence-like response in rubber tree(Hevea brasiliensis) roots | |
| 260 |
_bJournal of Plant Physiology _c2000 |
||
| 300 | _a284-287 | ||
| 500 | _aSource Year: 2000 | ||
| 650 | _aGlomus mosseae | ||
| 650 | _aHevea brasiliensis | ||
| 650 | _aMycorrhizal fungus | ||
| 700 | _aCoudret A | ||
| 700 | _aDucher M | ||
| 856 | _uHOA | ||
| 942 | _cJS | ||
| 999 |
_c54105 _d54105 |
||